00666cam a2200217 4500001000800000005001700008008004100025010001700066040001800083041000800101080001100109082001400120100000700134101000800141245008200149504003000231906004500261942001200306999001700318952011300335177785720180309041106.0700416s1969 mau b 000 0 eng  a 77085749  aDLCcDLCdDLC aeng a338.1 00a338.1 DOU1 a16 aHIS10aAgrarianism in American history,cedited with an introd. by Louis H. Douglas. aBibliography: p. 209-211. a7bcbccorignewduencipf19gy-gencatlg 2ddccBK c44553d44553 00102udc40708PËKGa002b002cPËKGd2018-03-09l0o338.1 DOUp002-3001496r2018-03-09w2018-03-09yBK